000 00731nam a2200253Ia 4500
003 OSt
005 20221007064511.0
006 a|||||r|||| 00| 0
007 ta
008 221006b |||||||| |||| 00| 0 eng d
024 _a12,210
037 _cReports / Technical Reports
040 _aFLL
_cFLL
_beng
041 _2eng
_aeng
082 _aV2,3:91-N80-N79, M3.1
110 _aGovt. of India
245 0 _aReport on the general elections to the legislative assemblies
260 _aDelhi
_bElection commission India
_c1968
300 _a335p
_ccm.
490 _vVol.1
700 _aGovt. of India
942 _hV2,3:91-N80-N79, M3.1
_cREP
_2CC
999 _c1134273
_d1134273